Práca s hranicami v muzikoterapii

Podrobná bibliografia
Hlavný autor: Gajdošíková-Zeleiová, Jaroslava (Author)
Médium: Článok
Jazyk:Slovak
Témy:
ISBN: 8080632793
Zdroj: 1. Poruchy správania v edukačnom procese : zborník z medzinárodnej vedeckej špeciálnopedagogickej konferencie konanej 3.-5. mája 2007 v Košiciach 1. Martin : Osveta, 2007 1. S. 33-38 1. 8080632793
LEADER 01056naa#a2200349#ar4500
001 000094921
003 SVKKK
005 20090416113238.0
008 090416c2007 xo #|0||||||||0|||b|slo
FMT
015 |a SNBRA2009/04 
038 |a SVKKK 
040 |a SVKKK  |b slo  |e AACR2 
041 0 |a slo 
044 |a xo  |c SK 
080 |a 376.58  |2 1997 
080 |a 78  |2 1997 
080 |a 37.013.75  |2 1997 
090 |a V.220915 
100 1 |a Gajdošíková-Zeleiová, Jaroslava  |4 aut 
245 1 0 |a Práca s hranicami v muzikoterapii  |c Jaroslava Gajdošíková-Zeleiová 
504 |a Bibliogr. odkazy 
650 0 4 |a problémové deti  |x agresivita 
650 0 4 |a muzikoterapia  |x edukačný cieľ  |x hudobný a psychický paralelizmus 
773 0 |t Poruchy správania v edukačnom procese : zborník z medzinárodnej vedeckej špeciálnopedagogickej konferencie konanej 3.-5. mája 2007 v Košiciach  |d Martin : Osveta, 2007  |g S. 33-38  |z 8080632793 
958 |a NB 
974 |a Ma 
992 |a RZB 
BAS
852 |a SVKKK  |b BIB 
EXP
998 |a SLO